000 00809cam a2200265 a 4500
008
020 _a9781848134041 (pbk.)
049 _aMAIN
090 _aHF1025
_bPOS
245 0 0 _aPostcolonial economies /
_cedited by Jane Pollard, Cheryl McEwan and Alex Hughes.
260 _aLondon :
_bZed Books,
_c2011.
300 _a239 p. :
_bill. ;
_c21 cm.
504 _aIncludes bibliographical references.
650 0 _aEconomic geography.
650 0 _aPostcolonialism
_xEconomic aspects.
650 0 _aGlobalization
_xEconomic aspects.
700 1 _aPollard, Jane.
700 1 _aMcEwan, Cheryl.
700 1 _aHughes, Alex.
907 _a.b10336412
_b03-12-13
_c29-10-13
003
005 20230123122034.0
040 _cNUST
942 _cBOOKS
_kHF1025
_mPOS
999 _c126743
_d126743